| 000 | 00743nam a2200265Ia 4500 | ||
|---|---|---|---|
| 003 | OSt | ||
| 005 | 20220912153132.0 | ||
| 006 | a|||||r|||| 00| 0 | ||
| 007 | ta | ||
| 008 | 220909b |||||||| |||| 00| 0 eng d | ||
| 024 | _a19245 | ||
| 037 | _cTextual | ||
| 040 |
_aCSL _beng _cCSL |
||
| 041 | _aeng | ||
| 082 | _aBobC, L5 | ||
| 100 | _aRoman Paul | ||
| 245 | 0 | _aSome modern Mathematics for Physicists and REF outsiders: An introduction to Algebra, Topology and Functional Analysis | |
| 260 |
_aNew York _b Pergamon Press _c1975 |
||
| 300 |
_ap. _ccm. |
||
| 650 | _a Functional Analysis | ||
| 650 | _a Topology | ||
| 650 | _aAlgebra | ||
| 942 |
_hBobC, L5 _cTEXL _2CC |
||
| 999 |
_c98717 _d98717 |
||